|
|
|
|
| LEADER |
01159nam a22002657a 4500 |
| 001 |
38864 |
| 003 |
BD-DhAAL |
| 005 |
20220706131433.0 |
| 008 |
220706t1999 ii a|||| |||| 00| 0 ben d |
| 999 |
|
|
|c 44540
|d 44540
|
| 040 |
|
|
|a BD-DhAAL
|c BD-DhAAL
|
| 041 |
|
|
|a ben
|
| 082 |
|
|
|a 330.092
|
| 100 |
|
|
|a সেন, পৃথ্বীরাজ
|9 49872
|
| 245 |
|
|
|a নোবেলজয়ী অমর্ত্য সেন ও জনকল্যাণ অর্থনীতি /
|c পৃথ্বীরাজ সেন
|
| 246 |
|
|
|a Nobel Joyee Amartya Sen O janakalyan arthaniti
|
| 260 |
|
|
|a ঢাকা :
|b কামিনী প্রকাশালয়,
|c ১৯৯৯.
|
| 300 |
|
|
|a ১৫৯ পৃষ্ঠা ;
|c ২২ সে.মি.
|
| 541 |
|
|
|a Donated By Akbar Ali Khan
|e 38864
|
| 600 |
|
|
|a Sen, Amartya, 1933-
|9 18370
|
| 650 |
|
|
|a Economics.
|9 49873
|
| 700 |
|
|
|a আহমেদ, শফি
|9 18371
|
| 852 |
|
|
|a Savar Campus Library
|c General Shelf
|
| 942 |
|
|
|2 ddc
|c BK
|
| 952 |
|
|
|0 0
|1 0
|2 ddc
|4 0
|6 330_092000000000000_SEN
|7 1
|9 71198
|a BRACUL
|b BRACUL
|c AAKC
|d 2022-07-06
|e Donated by Akbar Ali Khan
|l 0
|o 330.092 SEN
|p 3010038864
|r 2022-07-06
|t 1
|w 2022-07-06
|y BK
|